000 00252nam a2200109 4500
082 _a001.6424SHU
100 _aShukla, R.Y
245 _aPascal Programming Lab Work Manual
260 _aIndia:
_bBPB Publications,
_c1995.
300 _a517p. ;
942 _cBK
999 _c8717
_d8717